| 000 | 00682nam a2200253Ia 4500 | ||
|---|---|---|---|
| 003 | OSt | ||
| 005 | 20221007100918.0 | ||
| 006 | a|||||r|||| 00| 0 | ||
| 007 | ta | ||
| 008 | 221006b |||||||| |||| 00| 0 eng d | ||
| 024 | _a5,419 | ||
| 037 | _cTextual | ||
| 040 |
_aLCO _cLCO _beng |
||
| 041 |
_2eng _aeng |
||
| 082 | _aa3111,12'N7-, M6.2 | ||
| 100 |
_aSHER SINGH _926351 |
||
| 245 | 0 | _aIndian books in print,1986 | |
| 260 |
_aDelhi _bIndian Pub.Bureau _c1986 |
||
| 300 | _a912 | ||
| 490 | _vVol - 2 | ||
| 650 |
_aINDIAN BOOKS IN PRINT _9701236 |
||
| 942 |
_ha3111,12'N7-, M6.2 _cTEXL |
||
| 999 |
_c1174982 _d1174982 |
||